Le livre de la Jungle (Kipling) : Personnages - Statistiques

Statistiques générales
  • Ce quiz a été pris 145 fois
  • Le résultat moyen est 11 sur 15
Statistiques - réponses
Hint Réponse % Correct
Féroce panthère noire, échappée d'une cage Bagheera
95%
Petit d'homme perdu élevé par les loups Mowgli
95%
Ours qui enseigne la Loi de la Jungle Baloo
94%
Serpent python, ami de Mowgli Kaa
92%
Tigre boiteux qui aime la chair humaine Shere Khan
85%
Un vieux loup plein de sagesse, chef du clan Akela
82%
Couple de cobras qui menacent la maison des hommes Nag et Nagaina
81%
Mère louve qui recueille le bébé humain et parle pour lui au Rocher du Conseil Louve Raksha
78%
Seigneur éléphant et gardien des légendes Hathi
66%
Loup fidèle à son frère humain Frère Gris
59%
Chacal vicieux qui accompagne le tigre Tabaqui
53%
Peuple de singes sans foi ni loi Bandar-Log
52%
Petit phoque blanc qui se demande ce qu'il vient faire dans ce livre Kotick
47%
Mangouste qui sauve un bébé des serpents Rikki Tikki Tavi
39%
Milan messager Chil
38%
Aucun quiz correspondant
Distribution des résultats
% des personnes avec chaque résultat
Percentile par nombre de réponses
Votre historique - résultats
Vous n’avez pas pris ce quiz